[Event "Bad Woerishofen Seniors op 30th"]
[Site "Bad Woerishofen"]
[Date "2014.03.23"]
[Round "3"]
[White "Langhoff, Wolfgang"]
[Black "Mircoli, Filippo"]
[Result "1/2-1/2"]
[WhiteElo "1820"]
[BlackElo "1674"]
[PlyCount "39"]
[EventDate "2014.03.21"]
[EventType "swiss"]
[EventRounds "9"]
[EventCountry "GER"]
[SourceTitle "EXT 2019"]
[Source "ChessBase"]
[SourceDate "2018.10.10"]
[SourceVersion "1"]
[SourceVersionDate "2018.10.10"]
[SourceQuality "1"]

1. e4 c5 2. c3 e6 3. d4 cxd4 4. cxd4 a6 5. Nf3 Nf6 6. Nc3 Bb4 7. Bd3 Nc6 8. 0-0 0-0 9. Be3 d6 10. e5 dxe5 11. dxe5 Bxc3 12. bxc3 Nd5 13. Bxh7+ Kxh7 14. Ng5+ Kg6 15. Qd3+ f5 16. exf6+ Kxf6 17. Nh7+ Kf7 18. Ng5+ Kf6 19. Nh7+ Kf7 20. Ng5+ 1/2-1/2

[Event "Bad Woerishofen Seniors op 28th"]
[Site "Bad Woerishofen"]
[Date "2012.03.02"]
[Round "1.33"]
[White "Krotofil, Kurt"]
[Black "Langhoff, Wolfgang"]
[Result "1-0"]
[WhiteElo "1898"]
[BlackElo "1681"]
[PlyCount "117"]
[EventDate "2012.03.02"]
[EventType "swiss"]
[EventRounds "9"]
[EventCountry "GER"]
[SourceTitle "EXT 2022"]
[Source "ChessBase"]
[SourceDate "2021.10.06"]
[SourceVersion "1"]
[SourceVersionDate "2021.10.06"]
[SourceQuality "1"]

1. d4 Nf6 2. c4 g6 3. Nc3 d5 4. Bf4 Bg7 5. e3 0-0 6. cxd5 Nxd5 7. Nxd5 Qxd5 8. Bxc7 Nc6 9. Ne2 Qd7 10. Bg3 b6 11. Nc3 Bb7 12. Be2 Rac8 13. 0-0 e6 14. Qa4 Rfd8 15. Rac1 a6 16. Bf3 b5 17. Qd1 Ne7 18. Ne4 Bxe4 19. Bxe4 Rxc1 20. Qxc1 Rc8 21. Qd2 Nd5 22. Rc1 Rc6 23. Rxc6 Qxc6 24. Qc2 Qxc2 25. Bxc2 Nb4 26. Bb1 Bf8 27. Kf1 f6 28. Ke2 Kf7 29. Kd2 Ke7 30. Kc3 Kd7 31. Kb3 f5 32. a3 Nc6 33. Bd3 Na5+ 34. Kc2 Nb7 35. a4 Kc6 36. Be2 Kb6 37. axb5 axb5 38. Bf3 Nd6 39. d5 Ne4 40. Bxe4 fxe4 41. dxe6 Be7 42. f3 Kc6 43. fxe4 Kb7 44. Kb3 Kc6 45. Be1 Bc5 46. Bd2 g5 47. h3 g4 48. hxg4 Be7 49. Bb4 Bh4 50. Kc2 Bg3 51. Kd3 Be5 52. Bc3 Bd6 53. e5 Be7 54. Ke4 Kc5 55. Kf5 b4 56. Bd4+ Kc4 57. g5 Kb3 58. g6 hxg6+ 59. Kxg6 1-0

[Event "Bad Woerishofen Seniors op 27th"]
[Site "Bad Woerishofen"]
[Date "2011.03.27"]
[Round "5"]
[White "Ganslmayer, Herbert"]
[Black "Langhoff, Wolfgang"]
[Result "1-0"]
[WhiteElo "1916"]
[BlackElo "1786"]
[PlyCount "55"]
[EventDate "2011.03.24"]
[EventType "swiss"]
[EventRounds "9"]
[EventCountry "GER"]
[SourceTitle "EXT 2012"]
[Source "ChessBase"]
[SourceDate "2011.11.24"]
[SourceVersion "1"]
[SourceVersionDate "2011.11.24"]
[SourceQuality "1"]

1. d4 Nf6 2. e3 g6 3. f4 d5 4. Bd3 Bg7 5. Nd2 0-0 6. Ngf3 c5 7. c3 b6 8. 0-0 Ba6 9. Qe2 Bxd3 10. Qxd3 Qd6 11. Ne5 Nbd7 12. Ndf3 Ne4 13. g4 f6 14. Nxd7 Qxd7 15. f5 gxf5 16. gxf5 Qxf5 17. Nh4 Qg4+ 18. Ng2 Qg6 19. dxc5 Nxc5 20. Qxd5+ e6 21. Qf3 Ne4 22. Kh1 f5 23. Nf4 Qh6 24. Rg1 Kf7 25. Bd2 Nxd2 26. Qb7+ Kf6 27. Rxg7 Rad8 28. Rxh7 1-0

[Event "GER Seniors Derby 05th"]
[Site "Wesel Undeloh"]
[Date "2006.04.21"]
[Round "3"]
[White "Langhoff, Wolfgang"]
[Black "Blab, Ludwig"]
[Result "0-1"]
[WhiteElo "1689"]
[BlackElo "2102"]
[PlyCount "76"]
[EventDate "2006.04.20"]
[EventType "swiss"]
[EventRounds "7"]
[EventCountry "GER"]
[SourceTitle "EXT 2007"]
[Source "ChessBase"]
[SourceDate "2006.11.23"]
[SourceVersion "1"]
[SourceVersionDate "2006.11.23"]
[SourceQuality "1"]

1. d4 Nf6 2. c4 e6 3. Nc3 d5 4. Bg5 Be7 5. Nf3 Nbd7 6. e3 c6 7. Bd3 dxc4 8. Bxc4 b5 9. Bd3 Bb7 10. 0-0 h6 11. Bxf6 gxf6 12. Rc1 Qb6 13. Qc2 Rc8 14. Qe2 b4 15. Na4 Qa5 16. b3 Rg8 17. Rc2 Bd6 18. Rfc1 Ke7 19. Nc5 Ba8 20. Kh1 Nxc5 21. dxc5 Bc7 22. Nd4 Be5 23. Nf3 Bc3 24. a3 Qxa3 25. Bc4 Qa5 26. Nd2 f5 27. e4 Qxc5 28. exf5 Qxf5 29. Ne4 c5 30. Ng3 Qf4 31. Rd1 Bd4 32. Ra2 Rc7 33. f3 Rg5 34. Qf1 Be5 35. Rad2 Rh5 36. Qf2 Rxh2+ 37. Kxh2 Qh4+ 38. Kg1 Bxg3 0-1